Table of integrals, series, and products by I S Gradshteyn and others. Ed by Alan Jeffrey (Record no. 1211566)

MARC details
000 -LEADER
fixed length control field 01175nam a2200325Ia 4500
003 - CONTROL NUMBER IDENTIFIER
control field OSt
005 - DATE AND TIME OF LATEST TRANSACTION
control field 20221007123227.0
008 - FIXED-LENGTH DATA ELEMENTS--GENERAL INFORMATION
fixed length control field 221006b |||||||| |||| 00| 0 eng d
020 ## - INTERNATIONAL STANDARD BOOK NUMBER
International Standard Book Number 012294755X (hbd)
-- 59.95
037 ## - SOURCE OF ACQUISITION
Terms of availability Textual
040 ## - CATALOGING SOURCE
Original cataloging agency PAPL
Transcribing agency PAPL
Language of cataloging eng
041 ## - LANGUAGE CODE
Source of code eng
Language code of text/sound track or separate title eng
100 ## - MAIN ENTRY--PERSONAL NAME
Personal name Gradshteyn I S
9 (RLIN) 493059
245 #0 - TITLE STATEMENT
Title Table of integrals, series, and products by I S Gradshteyn and others. Ed by Alan Jeffrey
Remainder of title Ryzhik I M Jeffrey Alan Ed
250 ## - EDITION STATEMENT
Edition statement Ed 5
260 ## - PUBLICATION, DISTRIBUTION, ETC.
Place of publication, distribution, etc. San
Name of publisher, distributor, etc. Diego Academic Press
Date of publication, distribution, etc. 1994
300 ## - PHYSICAL DESCRIPTION
Extent 1204p
Dimensions cm.
490 ## - SERIES STATEMENT
Volume/sequential designation Tr from the Russian by Scripta Technica,Inc
500 ## - GENERAL NOTE
General note ^mPurchase^n23/CSL/Carpa/95-96/2560^d1995-05-12; ; 95-96/174^b1995-08-02^cP/31^d1995-07-28^eNavayug Traders^f1995-08-02^h1995-08-02; ; 1995-08-10^bSB^c1995-08-11
650 ## - SUBJECT ADDED ENTRY--TOPICAL TERM
Topical term or geographic name entry element Tables
9 (RLIN) 716917
650 ## - SUBJECT ADDED ENTRY--TOPICAL TERM
Topical term or geographic name entry element Mathematics
700 ## - ADDED ENTRY--PERSONAL NAME
Personal name Jeffrey Alan Ed
9 (RLIN) 461642
700 ## - ADDED ENTRY--PERSONAL NAME
Personal name Ryzhik I M
9 (RLIN) 459367
942 ## - ADDED ENTRY ELEMENTS (KOHA)
Classification part Bd, M0;N5
Koha item type Textual
Source of classification or shelving scheme Colon Classification (CC)
Holdings
Withdrawn status Lost status Source of classification or shelving scheme Damaged status Not for loan Home library Current library Date acquired Source of acquisition Serial Enumeration / chronology Total Checkouts Full call number Barcode Date last seen Price effective from Koha item type
    Colon Classification (CC)     Department of Physics and Astrophysics Library Department of Physics and Astrophysics Library 2022-10-07 Navayug, Tr from the Russian by Scripta Technica,Inc   Bd M0;N5 PA0005100 2022-10-07 2022-10-07 Textual
Copyright @ Delhi University Library System